| 000 | 01542cam a2200337 a 4500 | ||
|---|---|---|---|
| 001 | 14935441 | ||
| 005 | 20080522205043.0 | ||
| 008 | 070720s2008 enk |rb 001 0 eng | ||
| 010 | _a 2007029945 | ||
| 020 | _a9780521886888 (hardback) | ||
| 020 | _a9780521714853 (pbk.) | ||
| 040 |
_aDLC _cDLC _dDLC |
||
| 050 | 0 | 0 |
_aHB171 _b.W216 2008 |
| 082 | 0 | 0 |
_a335.0092 _222 _bMIC |
| 100 | 1 |
_aWallerstein, Michael, _d1951- _914531 |
|
| 245 | 1 | 0 |
_aSelected Works of Michael Wallerstein : _bThe Political Economy of Inequality, Unions, and Social Democracy / _cEdited by David Austen-Smith ... [et al.]. |
| 260 |
_aCambridge ; _aNew York : _bCambridge University Press, 2008 _c2008. |
||
| 300 |
_aix, 466 p. ; _c24 cm. |
||
| 490 | 0 |
_aCambridge studies in comparative politics _914537 |
|
| 504 | _aIncludes bibliographical references and index. | ||
| 650 | 0 |
_aEconomics. _914532 |
|
| 650 | 0 |
_aEquality. _914533 |
|
| 650 | 0 |
_aLabor unions. _914534 |
|
| 650 | 0 |
_aSocialism. _914535 |
|
| 700 | 1 |
_aAusten-Smith, David. _914536 |
|
| 856 | 4 | 2 |
_3Publisher description _uhttp://www.loc.gov/catdir/enhancements/fy0803/2007029945-d.html |
| 856 | 4 | 1 |
_3Table of contents only _uhttp://www.loc.gov/catdir/enhancements/fy0803/2007029945-t.html |
| 942 |
_2ddc _cBB |
||
| 999 |
_c14050 _d14050 |
||